00435nam a2200169Ia 450000500170000000800410001704000190005804100120007708200180008910000180010724500500012526000400017530000160021565000140023165100100024585000100025520240227115204.0131103s9999 xx 000 0 und d aLoreto College aEnglish a370.954 bSHR aShrimali,K.L. aEducation in Changing India, cK.L.Shrimali aBombaybAsia Publishing Housec1965 avii,256 p.  aEducation aIndia aLCLIB